00875nam a22002537a 450000500170000001000130001702000210003003500130005103700160006404000120008008200160009210000210010824500640012926000350019327000620022830000200029050000200031065000340033065000610036470000270042594200250045299900190047795201250049620170124110017.0 aA-459276 c00.00a818518609 aA-459276 bCen Lib/Ret aDPLbEN a305.56bRAO aRao, K. N918867 aMandal report x-rayed /cby K. N. Rao [and] S. S. Ahluwalia aNew DelhibEastern Booksc1990 aF-26, Shankar Market, Connaught CircusbNew Delhie110001 a248p.c21cm(Hb) aIncludes index  aReverse discrimination918868 aPeople with social disabilities--Government policy97734 aAhluwalia, S. S918869 2ddccENh305.56mRAO c126922d126922 00104070aLbLd2015-06-26eCen Lib/Ret g0.00l0o305.56 RAOpA-459276r2015-06-26 00:00:00t1v0.00w2015-06-26yEN